Govt. of
Madhya Pradesh

Theology & Philosophy (Record no. 39124)

MARC details
000 -LEADER
fixed length control field 004400000a22001690004500
003 - CONTROL NUMBER IDENTIFIER
control field MACL
005 - DATE AND TIME OF LATEST TRANSACTION
control field 20151229170239.0
008 - FIXED-LENGTH DATA ELEMENTS--GENERAL INFORMATION
fixed length control field 151229b xxu||||| |||| 00| 0 eng d
040 ## - CATALOGING SOURCE
Original cataloging agency MACL
Transcribing agency MACL
041 ## - LANGUAGE CODE
Language code of text/sound track or separate title English
082 ## - DEWEY DECIMAL CLASSIFICATION NUMBER
Classification number 220/RHY
100 ## - MAIN ENTRY--PERSONAL NAME
Personal name Taylor, R Bruce
9 (RLIN) 24344
245 ## - TITLE STATEMENT
Title Theology & Philosophy
Remainder of title Ancient Hebrew Literature vol 2
260 ## - PUBLICATION, DISTRIBUTION, ETC. (IMPRINT)
Name of publisher, distributor, etc. J M Dent & Sons LTD
650 ## - SUBJECT ADDED ENTRY--TOPICAL TERM
Topical term or geographic name as entry element Religion
9 (RLIN) 24345
942 ## - ADDED ENTRY ELEMENTS (KOHA)
Koha item type Books
Call number prefix 220/RHY
Source of classification or shelving scheme
Holdings
Withdrawn status Lost status Source of classification or shelving scheme Damaged status Not for loan Home library Current library Date acquired Total Checkouts Full call number Barcode Date last seen Uniform Resource Identifier Price effective from Koha item type
          MACL MACL 15/04/2015   220/RHY CLE010062 29/04/2015 39349 15/04/2015 Books